Избранные песни: пер. с фр.
| Main Author: | |
|---|---|
| Other Authors: | , , |
| Summary: | Авт. указан на корешке Переводчики указаны в содержании Вертикальное расположение текста. |
| Language: | Russian |
| Published: |
Москва, Книга, 1988
|
| Subjects: | |
| Format: | Book |
| KOHA link: | https://koha.lib.tpu.ru/cgi-bin/koha/opac-detail.pl?biblionumber=245086 |
MARC
| LEADER | 00000nam0a2200000 4500 | ||
|---|---|---|---|
| 001 | 245086 | ||
| 005 | 20231101232113.0 | ||
| 010 | |b 7000 экз. | ||
| 035 | |a (RuTPU)RU\TPU\book\266488 | ||
| 090 | |a 245086 | ||
| 100 | |a 20131105d1988 m y0rusy50 ca | ||
| 101 | 1 | |a rus |c fre | |
| 102 | |a RU | ||
| 105 | |a a z 001gb | ||
| 200 | 1 | |a Избранные песни |e пер. с фр. |f П. Ж. Беранже |g вступит. ст., сост., коммент. Ю. И. Данилина ; худож. А. Троянкер, Т. Руденко | |
| 210 | |a Москва |c Книга |d 1988 | ||
| 215 | |a CDXXII с. |c ил. |d 10 см. | ||
| 300 | |a Авт. указан на корешке | ||
| 300 | |a Переводчики указаны в содержании | ||
| 300 | |a Вертикальное расположение текста. | ||
| 320 | |a Комментарии: с. CDVI-CDXXII. | ||
| 600 | 1 | |a Беранже |b П. Ж. |c французский поэт |f 1780-1857 |g Пьер Жан |2 stltpush |3 (RuTPU)RU\TPU\pers\9271 |9 1827 | |
| 610 | 1 | |a французская литература | |
| 610 | 1 | |a поэзия | |
| 610 | 1 | |a 19 век | |
| 610 | 1 | |a миниатюрные издания | |
| 686 | |a Ч611.68 |v LBC/SL-A |2 rubbk | ||
| 700 | 1 | |a Беранже |b П. Ж. |c французский поэт |f 1780-1857 |g Пьер Жан |2 stltpush |3 (RuTPU)RU\TPU\pers\9271 |9 1827 | |
| 702 | 1 | |a Данилин |b Ю. И. |4 080 |4 220 | |
| 702 | 1 | |a Троянкер |b А. |4 440 | |
| 702 | 1 | |a Руденко |b Т. |4 440 | |
| 801 | 1 | |a RU |b 63413507 |c 20131105 | |
| 801 | 2 | |a RU |b 63413507 |c 20131105 |g RCR | |
| 942 | |c BK | ||